GARAJ, Ján Karol (pseud. Jan Inovec, Kamenný, Plešivec, Skalka) literárny historik, redaktor (12. 6. 1903 Nové Mesto nad Váhom, okr. Trenčín - 15. 11. 1973 Bratislava)

Bibliographic Details
Format: Article
Language:Slovak
Subjects:

MARC

LEADER 00000naa a2200000uu 4500
001 vtls010917380
003 SK-MaSNL
005 20260302145546.0
008 220808|1987 xo |||||||||||||||||slo|
015 |a SNBRA 
035 |a (urnnbn)urn:nbn:sk:snk:ar-a0cx2p 
035 |a (uuid)2adcb925-f276-44f1-a366-f3fee4c1bfb4 
035 |a urn:nbn:sk:snk-aatls8 
040 |a SNKBUCL  |b slo  |c SNKBUCL  |e AACR2 
041 0 |a slo 
044 |a xo  |c SK 
245 0 0 |a GARAJ, Ján Karol (pseud. Jan Inovec, Kamenný, Plešivec, Skalka)  |b literárny historik, redaktor (12. 6. 1903 Nové Mesto nad Váhom, okr. Trenčín - 15. 11. 1973 Bratislava) 
600 1 7 |a Garaj, Ján Karol,  |d 1903-1973  |2 SNKMA  |9 120481 
650 0 7 |a literárni historici  |2 SNKPH  |9 90449 
650 0 7 |a literárni kritici  |2 SNKPH  |9 89457 
650 0 7 |a knihovníci  |2 SNKPH  |9 4220 
650 0 7 |a bibliografi  |2 SNKPH  |9 63912 
655 7 |a biografické heslá  |2 SNKPH  |9 368942 
773 0 |t Slovenský biografický slovník : (od roku 833 do roku 1990). II. zväzok, E-J  |d Martin : Matica slovenská, 1987  |g S. 163 
954 |a odborná, vedecká literatúra pôvodná (slovenská)  |2 lita 
958 |a BX 
958 |a OND 
958 |a chapter 
958 |a article25 
999 |c 1354591  |d 1356521